Global, (Record no. 16080)

MARC details
000 -LEADER
fixed length control field 01319cam a22003495a 4500
003 - CONTROL NUMBER IDENTIFIER
control field EG-ScBUE
005 - DATE AND TIME OF LATEST TRANSACTION
control field 20220605094845.0
008 - FIXED-LENGTH DATA ELEMENTS--GENERAL INFORMATION
fixed length control field 110920s2010 enka f 000 0 eng d
020 ## - INTERNATIONAL STANDARD BOOK NUMBER
International Standard Book Number 0230033091
020 ## - INTERNATIONAL STANDARD BOOK NUMBER
International Standard Book Number 9780230033092
040 ## - CATALOGING SOURCE
Original cataloging agency EG-ScBUE
Language of cataloging eng
Description conventions rda
Transcribing agency EG-ScBUE
Modifying agency EG-ScBUE
082 04 - DEWEY DECIMAL CLASSIFICATION NUMBER
Classification number 428.24076
Item number CLA
Edition number 22
100 1# - MAIN ENTRY--PERSONAL NAME
Personal name Clandfield, Lindsay,
Relator term author.
9 (RLIN) 27030
245 10 - TITLE STATEMENT
Title Global,
Name of part/section of a work Pre-Intermediate,
-- Coursebook /
Statement of responsibility, etc Lindsay Clanfield , with addiotional material by Amanda Jeffries.
246 30 - VARYING FORM OF TITLE
Title proper/short title Pre-Intermediate
246 30 - VARYING FORM OF TITLE
Title proper/short title Coursebook
264 #1 - PUBLICATION, DISTRIBUTION, ETC. (IMPRINT)
Place of publication, distribution, etc Oxford :
Name of publisher, distributor, etc Macmillan Education,
Date of publication, distribution, etc 2010.
300 ## - PHYSICAL DESCRIPTION
Extent 158 pages :
Other physical details color illustrations ;
Dimensions 30 cm.
336 ## - CONTENT TYPE
Source rdacontent
Content type term text
Content type code txt
337 ## - MEDIA TYPE
Source rdamedia
Media type term unmediated
Media type code n
338 ## - CARRIER TYPE
Source rdacarrier
Carrier type term volume
Carrier type code nc
490 0# - SERIES STATEMENT
Series statement Common European framework
521 ## - TARGET AUDIENCE NOTE
Target audience note Grade level for audience : A2 - BI
650 #7 - SUBJECT ADDED ENTRY--TOPICAL TERM
Topical term or geographic name as entry element English language
Form subdivision Textbooks for foreign speakers.
Source of heading or term BUEsh
9 (RLIN) 10201
650 #7 - SUBJECT ADDED ENTRY--TOPICAL TERM
Topical term or geographic name as entry element English language
General subdivision Study and teaching
Form subdivision Textbooks for foreign speakers.
Source of heading or term BUEsh
9 (RLIN) 12671
650 #7 - SUBJECT ADDED ENTRY--TOPICAL TERM
Topical term or geographic name as entry element English language
General subdivision Study and teaching
Form subdivision Problems, exercises, etc.
Source of heading or term BUEsh
651 ## - SUBJECT ADDED ENTRY--GEOGRAPHIC NAME
Source of heading or term BUEsh
653 ## - INDEX TERM--UNCONTROLLED
Resource For college Humanities: English
Arrived date list August2015
-- October2018
655 ## - INDEX TERM--GENRE/FORM
Form subdivision Reading book
9 (RLIN) 34232
700 1# - ADDED ENTRY--PERSONAL NAME
Personal name Jeffries, Amanda,
Relator term contributor.
9 (RLIN) 27031
942 ## - ADDED ENTRY ELEMENTS (KOHA)
Source of classification or shelving scheme Dewey Decimal Classification
Koha item type Book - Borrowing
Holdings
Withdrawn status Lost status Source of classification or shelving scheme Damaged status Not for loan Collection code Home library Current library Shelving location Date acquired Source of acquisition Total Checkouts Total Renewals Full call number Barcode Date last seen Date checked out Price effective from Koha item type Checked out
    Dewey Decimal Classification     Baccah Central Library Central Library Second Floor 25/09/2011   1 1 428.24076 CLA 000024902 15/07/2025 29/09/2011 25/09/2011 Book - Borrowing  
    Dewey Decimal Classification     Baccah Central Library Central Library Second Floor 25/09/2011   1   428.24076 CLA 000024903 15/07/2025 13/10/2012 25/09/2011 NB - Book (Non borrowing)  
    Dewey Decimal Classification     Baccah Central Library Central Library Second Floor 25/09/2011   6 29 428.24076 CLA 000024904 15/07/2025 20/03/2017 25/09/2011 Book - Borrowing  
    Dewey Decimal Classification     Baccah Central Library Central Library Second Floor 25/09/2011   2 4 428.24076 CLA 000024905 01/02/2012 01/02/2012 25/09/2011 Book - Borrowing 14/12/2014
    Dewey Decimal Classification     Baccah Central Library Central Library Second Floor 25/09/2011   1 2 428.24076 CLA 000024906 15/07/2025 09/10/2011 25/09/2011 Book - Borrowing